Typing Fast - Statistics

General Stats
  • This quiz has been taken 100 times
  • The average score is 64 of 90
Answer Stats
Hint Answer % Correct
a a
100%
a a
100%
a a
100%
g g
100%
g g
100%
g g
100%
g g
100%
r r
100%
r r
100%
r r
100%
r r
100%
s s
100%
s s
100%
s s
100%
s s
100%
s s
100%
s s
100%
a a
98%
g g
98%
s s
98%
s s
98%
a a
96%
g g
96%
r r
96%
r r
96%
s s
96%
s s
96%
a a
95%
g g
95%
r r
95%
s s
95%
s s
95%
a a
93%
s s
93%
s s
93%
g g
91%
a a
88%
r r
88%
s s
88%
s s
88%
a a
84%
g g
84%
r r
84%
s s
84%
a a
82%
g g
82%
r r
82%
s s
82%
s s
80%
s s
80%
g g
77%
r r
77%
a a
75%
s s
75%
g g
73%
s s
73%
a a
66%
r r
66%
s s
64%
s s
63%
g g
57%
a a
55%
r r
55%
s s
55%
s s
52%
g g
48%
r r
48%
a a
45%
s s
43%
s s
43%
g g
41%
r r
39%
a a
36%
s s
36%
s s
32%
g g
30%
r r
30%
a a
27%
s s
25%
g g
21%
s s
21%
a a
20%
r r
20%
s s
20%
s s
18%
a a
16%
g g
16%
r r
16%
s s
16%
s s
16%
No matching quizzes found
Score Distribution
Percent of People with Each Score
Percentile by Number Answered
Your Score History
You have not taken this quiz